Panitikan ng pilipinas para sa kolehiyo; (Record no. 2209)

MARC details
000 -LEADER
fixed length control field 00528nam a22001817a 4500
003 - CONTROL NUMBER IDENTIFIER
control field URS
005 - DATE AND TIME OF LATEST TRANSACTION
control field 20220114153427.0
008 - FIXED-LENGTH DATA ELEMENTS--GENERAL INFORMATION
fixed length control field 190723s1990 ph |||| |||| 00| 0 eng d
020 ## - INTERNATIONAL STANDARD BOOK NUMBER
International Standard Book Number 9710846183
040 ## - CATALOGING SOURCE
Transcribing agency URS
Language of cataloging eng
Modifying agency rda
050 14 - LIBRARY OF CONGRESS CALL NUMBER
Classification number PL 6141
Item number .P192 1990
100 ## - MAIN ENTRY--PERSONAL NAME
Personal name Tumangan,Alcomtiser P.
245 10 - TITLE STATEMENT
Title Panitikan ng pilipinas para sa kolehiyo;
Statement of responsibility, etc. Alcomtiser P. Tumangan
260 ## - PUBLICATION, DISTRIBUTION, ETC.
Place of publication, distribution, etc. Manila:
Name of publisher, distributor, etc. National Bookstore Incorporation;
Date of publication, distribution, etc. [1990]
300 ## - PHYSICAL DESCRIPTION
Extent xiv,195 pages;
Dimensions 22 cm.
504 ## - BIBLIOGRAPHY, ETC. NOTE
Bibliography, etc. note Bibliography:p.194
942 ## - ADDED ENTRY ELEMENTS (KOHA)
Source of classification or shelving scheme Library of Congress Classification
Koha item type Filipiniana
Holdings
Withdrawn status Source of classification or shelving scheme Damaged status Not for loan Collection code Home library Current library Shelving location Date acquired Total Checkouts Full call number Barcode Date last seen Price effective from Koha item type Copy number
  Library of Congress Classification     Non-fiction Cainta College Library Cainta College Library On Display 10/09/2017   PL 6141.P192 1990 URSCAI-228 10/09/2017 10/09/2017 Filipiniana  
  Library of Congress Classification     Non-fiction Pililla College Library Pililla College Library General Stacks 11/09/2017   899.211 T83 1990 URSPIL-1603 07/24/2018 11/09/2017 Filipiniana 1

University of Rizal System
Email us at univlibservices@urs.edu.ph

Visit our Website www.urs.edu.ph/library